000 00459nam a22001457a 4500
003 MACL
005 20190106165350.0
008 190106b xxu||||| |||| 00| 0 eng d
040 _cMACL
100 _aकौशिक अशोक
_957472
245 _aविश्‍व प्रसिद्ध सूक्ति कोश
260 _aदिल्‍ली
_bअनिल प्रकाशन
_c2016
650 _aकोश
_973612
942 _2ddc
_cHIN
999 _c58863
_d58863